De la máquina de vapor al cero absoluto calor y entropía
Saved in:
| 主要作者: | |
|---|---|
| 格式: | 圖書 |
| 語言: | 西班牙语 |
| 出版: |
Ciudad de México
Secretaría de Educación Pública-Fondo de Cultura Económica
1986
|
| 叢編: | La Ciencia desde México, 5
|
| 主題: | |
| 標簽: |
添加標簽
沒有標簽, 成為第一個標記此記錄!
|
MARC
| LEADER | 00000nam a2200000 a 4500 | ||
|---|---|---|---|
| 001 | UCW8381 | ||
| 003 | CL-VaPUC | ||
| 008 | 880816e19860000MX |||||||||||||||||spa|d | ||
| 082 | 0 | 4 | |a 536 |b GAR |2 21 |
| 100 | |a García-Colín Scherer, Leopoldo |e autor |9 536975 | ||
| 245 | 1 | 0 | |a De la máquina de vapor al cero absoluto calor y entropía |
| 300 | |a 147 p | ||
| 942 | |c BK | ||
| 945 | |d 19880816 00:00:00 | ||
| 260 | |a Ciudad de México |b Secretaría de Educación Pública-Fondo de Cultura Económica |c 1986 | ||
| 650 | 0 | |a Calor |9 260253 | |
| 583 | |a last modification |c 19880816 00:00:00 |k Rodrigo Vera | ||
| 490 | 0 | |a La Ciencia desde México, 5 | |
| 999 | |c 220772 |d 220770 | ||
| 952 | |0 0 |1 0 |4 0 |6 536_000000000000000_GAR_1986 |7 0 |8 A |9 213371 |a BIBCUR |b BIBCUR |d 2019-11-15 |i 2817322 |o 536 GAR 1986 |p 2817322 |r 2025-04-22 |w 2019-11-15 |y BK |k FIS | ||